| 000 | 00780aam a22002171 4500 | ||
|---|---|---|---|
| 999 |
_c7656 _d7656 |
||
| 020 | _a9781352008791 | ||
| 020 | _a1352008793 | ||
| 050 |
_aHB615 _b.B89 |
||
| 100 | _aBurns, Paul | ||
| 245 |
_aCorporate entrepreneurship and innovation _cPaul Burns |
||
| 250 | _a Fourth edition | ||
| 260 |
_aLondon : _bRed Globe Press, _c2020. |
||
| 300 |
_axxxvii, 464 pages : _b illustrations ; _c 26 cm |
||
| 500 | _aIncludes index. | ||
| 505 | _aPT. 1 Entrepreneurship and innovation PT. 2. Building entrepreneurial architecture PT. 3. Encouraging the entrepreneurial mindset PT. 4. Corporate venturing | ||
| 650 | _aEntrepreneurship. | ||
| 650 | _aCreative ability in business. | ||
| 650 | _a Organizational change -- Management. | ||
| 700 | _aBurns | ||
| 942 | _cBK | ||